Countries that have controlled Warsaw - Statistics

General Stats
  • This quiz has been taken 110 times
    94 since last reset
  • The average score is 10 of 17
Answer Stats
Hint Answer % Correct
1939 - 1944 Germany | Nazi Germany
97%
1915 - 1938 Poland
96%
1945 - Poland
96%
1815 - 1914 Russia | Russian Empire
94%
1944 - 1945 Soviet Union
88%
1806 France | French Empire
81%
1795 - 1805 Prussia
65%
1568 - 1654 Polish-Lithuania | Poland-Lithuania
60%
1656 - 1701 Polish-Lithuania | Poland-Lithuania
60%
1709 - 1794 Polish-Lithuania | Poland-Lithuania
60%
1655 Sweden
60%
1702 - 1708 Sweden
60%
1807 - 1814 Duchy of Warsaw
32%
960 - 1240 Kingdom of Poland
28%
1243 - 1568 Kingdom of Poland
28%
380 - 454 Hunnic Empire | Huns
17%
1240 - 1242 Mongol Empire
10%
No matching quizzes found
Score Distribution
Percent of People with Each Score
Percentile by Number Answered
Your Score History
You have not taken this quiz since the last reset